ՀՀ Գիտությունների ազգային ակադեմիայի հիմնարար գիտական գրադարան  =   Fundamental Scientific Library of NAS RA

Материалы симпозиума по основным проблемам возрастной физиологии и биохимии : (Record no. 465760)

MARC details
000 -LEADER
fixed length control field 01386nam a2200241 a 4500
001 - CONTROL NUMBER
control field 001089240
003 - CONTROL NUMBER IDENTIFIER
control field AM-YeHGA
005 - DATE AND TIME OF LATEST TRANSACTION
control field 20250617161118.0
008 - FIXED-LENGTH DATA ELEMENTS--GENERAL INFORMATION
fixed length control field 150626s1965 un r 000 0 rus d
040 ## - CATALOGING SOURCE
Original cataloging agency AM-YeHGA
041 0# - LANGUAGE CODE
Language code of text/sound track or separate title rus
090 ## - LOCALLY ASSIGNED LC-TYPE CALL NUMBER (OCLC); LOCAL CALL NUMBER (RLIN)
-- 468963
111 2# - MAIN ENTRY--MEETING NAME
Meeting name or jurisdiction name as entry element Симпозиум по основным проблемам возрастной физиологии и биохимии
Date of meeting or treaty signing (15-19 октября 1963 г.:
Location of meeting Харьков)
245 10 - TITLE STATEMENT
Title Материалы симпозиума по основным проблемам возрастной физиологии и биохимии :
Remainder of title 15-19 октября 1963 года. [Посвящ. памяти проф. А.В. Нагорного] /
Statement of responsibility, etc. Ред. кол.: В.Н. Никитин и др.; Мин. высш. и сред. спец. образoв. УССР; Харьков. гос. ун-т им. А.М. Горького.
260 ## - PUBLICATION, DISTRIBUTION, ETC.
Place of publication, distribution, etc. Харьков :
Name of publisher, distributor, etc. Б. и.,
Date of publication, distribution, etc. 1965.
300 ## - PHYSICAL DESCRIPTION
Extent 264 с. :
Other physical details портр., табл., рис. ;
Dimensions 26 см.
600 14 - SUBJECT ADDED ENTRY--PERSONAL NAME
Personal name Нагорный, Александр Васильевич
650 14 - SUBJECT ADDED ENTRY--TOPICAL TERM
Topical term or geographic name entry element Анатомия
650 14 - SUBJECT ADDED ENTRY--TOPICAL TERM
Topical term or geographic name entry element Физиология
653 0# - INDEX TERM--UNCONTROLLED
Uncontrolled term Биохимия возрастная
700 1# - ADDED ENTRY--PERSONAL NAME
Personal name Никитин, В.Н.
Relator term ред.
Relationship edt
710 2# - ADDED ENTRY--CORPORATE NAME
Corporate name or jurisdiction name as entry element Министерство высшего и среднего специального образoвания УССР
Holdings
Withdrawn status Lost status Source of classification or shelving scheme Damaged status Not for loan Collection Home library Current library Date acquired Total checkouts Full call number Barcode Date last seen Price effective from Koha item type Public note
    Universal Decimal Classification     General Fundamental Scientific Library Fundamental Scientific Library 20/02/2018   РIII/18806 FL0482195 20/02/2018 20/02/2018 Գրքեր / Books 30 Days Loan


ՀՀ ԳԱԱ հիմնարար գիտական գրադարան
ՀՀ,Երևան 0019
Մարշալ Բաղրամյան 24/6
հեռախոս:(374-10) 52-47-50
Հետադարձ կապ

All site content, except where otherwise noted, is licensed under a
Creative Commons License